000 00792nam a22002417a 4500
003 OSt
005 20160917085038.0
008 150127b xxu||||| |||| 00| 0 eng d
020 _a978-958-30-0745-3
040 _cCRI
082 _a823
100 1 _aStevenson, Robert Louis
_d1850-1894
_9251
245 1 3 _aLa isla del tesoro
_cRobert L. Stevenson ; traducción, David Chericían; ilustraciones Joaquín Currea de Brigard.
250 _a19ª ed
260 _aSanrafé de Bogotá
_bPanamericana Editorial
_c2000
300 _a320 p.
_bil.
_c21 cm
490 _aTus libros
_vIV
595 _aTraducción de: The treasure island
650 2 4 _911162
_aNovela inglesa
700 1 _aChericián, David
_939699
700 1 _aCurrea de Brigard, Joaquín
_939700
942 _2ddc
_cBK
_hprozim
999 _c25884
_d25884